Riconosci l'Anno dagli eventi - Quiz n°62 - Statistics

Statistiche generali
  • Questo quiz è stato fatto 7 volte
  • Il punteggio medio è 6 su 8
Statistiche sulle risposte
Indizio Risposta % Corretto
B Agricola sottomette in Galles gli Ordovici e insegue i resti della tribù sull'isola di Anglesey, territorio sacro per i druidi. Verso la fine dell'anno Agricola conquista l'isola.
100%
A Gneo Giulio Agricola è il nuovo governatore della Britannia. Agricola estende l'influenza romana fino alla foce del fiume Clyde e ordina la costruzione di nuove fortificazioni militari.
100%
C Per fronteggiare l'avanzata romana, le tribù della regione scozzese della Caledonia formano un esercito confederato di 30.000 uomini sotto il comando di Calgaco.
86%
D Uno squadrone navale romano viene inviato da Agricola in esplorazione del nord della Scozia, scoprendo le isole Orcadi e le isole Shetland.
86%
F Plinio il Vecchio pubblica i primi dieci libri della sua Naturalis Historia.
71%
E Sul trono di Paekje (nella penisola coreana) sale sul trono Giru.
71%
G I Romani sviluppano un semplice metodo di distillazione.
43%
Anno 77
0%
Nessun quiz corrispondente trovato
Distribuzione punteggi
Percentuale di utenti per punteggio
Percentile per numero di risposta
I tuoi punteggi nel tempo
Non hai fatto questo quiz